000 00976cam a2200265 4500
001 L127313
008 040910n2005 000 0 eng u
020 _a0131433849
035 _a(Sirsi) u127313
041 _aeng
050 _a720.284
_c22
100 _aMuller, Edward J.
245 _aArchitectural drawing and light construction
250 _a7th ed.
260 _aUpper Saddle River, New Jersey
_bPearson Prentice Hall
_c2005
300 _ax, 790p.
_bill.
_c29cm.
350 _a59.99
520 _aUpdated edition has no changes in the basic organisation of the material from the previous editions and has additional information from the latest building codes and material suppliers. With numerous illustrations to highlight the key concepts.
590 _aIKA210605
650 _aCOMPUTER AIDED DESIGN
690 _aBUILT ENVIRONMENT-CONSTRUCTION DESIGN-ARCHITECTURAL DESIGN
700 _aGrau, Philip A.
700 _aFausett, James G.
942 _n0
999 _c103724
_d103724